[Event "Moscow-ch Final (Women)"]
[Site "Moscow"]
[Date "2021.03.27"]
[Round "3"]
[White "Panina, Sofya"]
[Black "Dimitrova, Aleksandra"]
[Result "0-1"]
[WhiteElo "1341"]
[BlackElo "2275"]
[PlyCount "90"]
[EventDate "2021.03.25"]
[EventType "swiss"]
[EventRounds "9"]
[EventCountry "RUS"]
[SourceTitle "CBM 202 Extra"]
[Source "ChessBase"]
[SourceDate "2021.07.31"]
[SourceVersion "1"]
[SourceVersionDate "2021.07.31"]
[SourceQuality "1"]

1. d4 Nf6 2. c4 e6 3. Nc3 Bb4 4. Bg5 c5 5. Bxf6 Bxc3+ 6. bxc3 Qxf6 7. Nf3 Nc6 8. e4 d6 9. Be2 0-0 10. 0-0 e5 11. d5 Ne7 12. g3 g6 13. Qd2 Qg7 14. Kh1 f5 15. Ng1 fxe4 16. Qe3 Bf5 17. g4 Bd7 18. Nh3 h6 19. Qxe4 g5 20. Bd3 Rf6 21. f3 Ng6 22. Qe2 Nh4 23. Be4 Raf8 24. Rf2 Be8 25. Raf1 Bg6 26. Kg1 R8f7 27. Qe3 Kh7 28. Qe2 Qf8 29. Kh1 Bxe4 30. Qxe4+ Kg7 31. Ng1 Rf4 32. Qe2 e4 33. h3 exf3 34. Qd3 b6 35. Kh2 h5 36. gxh5 Qh8 37. Kg3 Qxh5 38. Nxf3 Nf5+ 39. Kh2 g4 40. Ng1 Rxf2+ 41. Rxf2 g3+ 42. Kg2 gxf2 43. Kxf2 Qh4+ 44. Kg2 Qg5+ 45. Kh2 Nh4 0-1